| 000 | 01736cam a2200385 i 4500 | ||
|---|---|---|---|
| 001 | 21652017 | ||
| 003 | OSt | ||
| 005 | 20251114085433.0 | ||
| 008 | 200804t20202020nyu b 001 0 eng | ||
| 010 | _a 2020035476 | ||
| 020 |
_a9781541617575 _q(hardcover) |
||
| 020 |
_z9781541617568 _q(epub) |
||
| 035 | _a21652017 | ||
| 040 |
_aDLC _beng _erda _cAMIU _dDLC |
||
| 042 | _apcc | ||
| 050 | 0 | 0 |
_aRC488 _b.Y3 2020 |
| 082 | 0 | 0 |
_a616.89/152 _223 |
| 100 | 1 |
_aYalom, Irvin D., _d1931- _eauthor. |
|
| 245 | 1 | 4 |
_aThe theory and practice of group psychotherapy / _cIrvin D. Yalom and Molyn Leszcz. |
| 250 | _aSixth edition. | ||
| 264 | 1 |
_aNew York : _bBasic Books, _c2020. |
|
| 264 | 4 | _c©2020 | |
| 300 |
_ax, 818 p. ; _c25 cm |
||
| 336 |
_atext _btxt _2rdacontent |
||
| 337 |
_aunmediated _bn _2rdamedia |
||
| 338 |
_avolume _bnc _2rdacarrier |
||
| 504 | _aIncludes bibliographical references and index. | ||
| 520 |
_a"In this completely revised and updated sixth edition, Dr. Yalom and his collaborator Dr. Molyn Leszcz draw on a decade of new research as well as their broad clinical wisdom and expertise. Each chapter is completely updated in accordance with the most recent developments in the field. There are new sections throughout, including discussions of mindfulness, CBT, modern analytic approaches, psychoeducational groups, group therapy for veterans, and group therapy for psychological trauma"-- _cProvided by publisher. |
||
| 583 |
_aCatalography: _c20251114 _kSTAMIU-0199STAMIU-0199 |
||
| 650 | 0 | _aGroup psychotherapy. | |
| 700 | 1 |
_aLeszcz, Molyn, _d1952- _eauthor. |
|
| 906 |
_a7 _bcbc _corignew _d1 _eecip _f20 _gy-gencatlg |
||
| 942 |
_2lcc _cBK _n0 |
||
| 999 |
_c22104 _d22104 |
||